000
00240nam a2200097Ia 4500
008
230907s9999||||xx |||||||||||||| ||und||
082
_a
541.37,DEV
245
0
_a
Developments in electrochemistry :
300
_a
xiv, 377 pages ;
942
_c
BK
999
_c
597634
_d
597634